000 00709nam a22002417a 4500
001 BR7314365
003 BR-BrBNA
005 20230928084306.0
007 ta
008 230509b bl.||||| |||| 00| 0 por d
040 _aBR-BrBNA
_bpor
_cBiblioteca Nacional de Agricultura
041 _a(Por)
072 _aE10
_b/G514
090 _ E10 BR7314365
100 1 _aGudin, E.
245 1 _aPara um Brasil melhor [Politica; Economia]
260 3 _aRio de Janeiro, GB (Brasil):
_bAPEC,
_c[nd].
300 _a440 p.
500 _aPublished after 1960? (*) Documento disponível na(o) Universidade Federal de Vicosa, MG (Brazil)
650 _aECONOMIA
909 _a202309
_bLucia
_c55
_dLucia Elande
942 _cBK
999 _c17964
_d17964